| 000 | 00000nam##2200000za#4500 |
| 001 | 9.579209 |
| 003 | CaOODSP |
| 005 | 20210624190445 |
| 007 | cr ||||||||||| |
| 008 | 150406|1998||||xxc|||||o f|0| 0 eng|d |
| 022 | |a1488-5379 |
| 040 | |aCaOODSP|beng |
| 043 | |an-cn--- |
| 086 | 1 |aFs97-6/2242E-PDF |
| 110 | 1 |aCanada. |bDepartment of Fisheries and Oceans. |
| 245 | 10|aWater chemistry measurements associated with mine water discharge into coastal waters off Nova Scotia / |h[electronic resource]|cby P.A. Yeats, J.A. Dalziel and T.G. Milfigan. |
| 260 | |aDartmouth - Nova Scotia : |bFisheries and Oceans Canada |c1998. |
| 300 | |a35p.|bfigs., references |
| 490 | 1 |aCanadian technical report of fisheries and aquatic sciences|x1488-5379|vNo. 2242 |
| 500 | |aOn t.p.: Bedford Institute of Oceanography, Dartmouth, Nova Scotia. The catalogue number and ISSN for the print edition appear in the PDF version. |
| 546 | |a(Résumé en français) |
| 590 | |a14-06-Supp|b2014-03-21 |
| 720 | 1 |aYeats, P. A. |
| 720 | 1 |aMilligan, T. G. |
| 720 | 1 |aDalziel, J. A. |
| 830 | #0|aCanadian technical report of fisheries and aquatic sciences,|x1488-5379|vNo. 2242|w(CaOODSP)9.504449 |
| 856 | 40|ahttp://publications.gc.ca|qPDF|s1457 KB|uhttps://publications.gc.ca/collections/collection_2014/mpo-dfo/Fs97-6-2242-eng.pdf|yNo. 2242 |